| 000 | 00776nam a2200229Ia 4500 | ||
|---|---|---|---|
| 999 |
_c29417 _d29417 |
||
| 003 | GCL | ||
| 005 | 20240530102040.0 | ||
| 008 | 140319s9999 xx 000 0 ara d | ||
| 040 |
_aGCL / _cGCL |
||
| 082 | 0 | 4 |
_a235 _bم ل |
| 100 | 1 | _aمحمد فؤاد عبدالباقى | |
| 245 | 1 | 0 |
_aاللؤلؤ والمرجان فيما اتفق عليه الشيخان اماما المحدثين البخارى ومسلم / _cمحمد فؤاد عبدالباقى |
| 260 |
_a[S.N] : _bدار الحديث ، _c1994 |
||
| 650 | 0 | 4 | _aالاسلام |
| 650 | 0 | 4 | _aالحديث |
| 650 | 0 | 4 | _aصحيح مسلم |
| 650 | 0 | 4 | _aجمع وتدوين |
| 650 | 0 | 4 | _aصحيح البخارى |
| 650 | 0 | 4 | _aشرح |
| 700 | 1 | _aابوحفص، سيد بن ابراهيم | |
| 942 |
_2ddc _cBK |
||